[Event "Rottach Egern Seniors Cup 13th"]
[Site "Rottach Egern"]
[Date "2025.03.31"]
[Round "3"]
[White "Linke, Michael"]
[Black "Krueger, Norbert"]
[Result "0-1"]
[WhiteElo "1859"]
[BlackElo "2014"]
[PlyCount "26"]
[EventDate "2025.03.29"]
[EventType "swiss"]
[EventRounds "9"]
[EventCountry "GER"]
[SourceTitle "CB16_2025"]
[SourceDate "2025.04.16"]
[SourceVersion "1"]
[SourceVersionDate "2025.04.16"]
[SourceQuality "1"]

1. e4 c5 2. Nf3 Nf6 3. e5 Nd5 4. Nc3 e6 5. Ne4 d6 6. Bb5+ Bd7 7. Bxd7+ Qxd7 8. 0-0 Nc6 9. exd6 Bxd6 10. Nxd6+ Qxd6 11. d4 cxd4 12. Nxd4 0-0 13. Qf3 Nxd4 0-1

[Event "Rottach Egern Seniors Cup 13th"]
[Site "Rottach Egern"]
[Date "2025.03.29"]
[Round "1"]
[White "Wegelin, Reinhard"]
[Black "Krueger, Norbert"]
[Result "1/2-1/2"]
[WhiteElo "1794"]
[BlackElo "2014"]
[PlyCount "95"]
[EventDate "2025.03.29"]
[EventType "swiss"]
[EventRounds "9"]
[EventCountry "GER"]
[SourceTitle "CB16_2025"]
[SourceDate "2025.04.16"]
[SourceVersion "1"]
[SourceVersionDate "2025.04.16"]
[SourceQuality "1"]

1. Nf3 d5 2. b3 Nf6 3. Bb2 Bf5 4. e3 e6 5. a3 Be7 6. c4 0-0 7. Be2 dxc4 8. Bxc4 c5 9. Qe2 a6 10. a4 Nc6 11. Nh4 Bg4 12. Nf3 Qd7 13. h3 Bf5 14. Ne5 Nxe5 15. Bxe5 b5 16. axb5 axb5 17. Rxa8 Rxa8 18. Bxb5 Qd5 19. Bxf6 Qxg2 20. Qf1 Qxf1+ 21. Kxf1 Bxf6 22. Ke2 e5 23. Nc3 Bc2 24. Nd5 Bd8 25. Rc1 Bf5 26. Rxc5 Bxh3 27. b4 h5 28. Nc7 Bxc7 29. Rxc7 Be6 30. Bc4 Bxc4+ 31. Rxc4 Rb8 32. d4 exd4 33. exd4 Kf8 34. Kf3 Ke7 35. Ke4 h4 36. Kf3 f6 37. Kg4 g5 38. f4 gxf4 39. Kxh4 Ke6 40. Kg4 Kd5 41. Rc7 Kd6 42. Rc4 Kd5 43. Rc7 f3 44. Kxf3 Kxd4 45. Kf4 Kd5 46. Kf5 Rb6 47. Rf7 Rxb4 48. Rxf6 1/2-1/2

[Event "Guernsey op 48th"]
[Site "St James"]
[Date "2024.10.19"]
[Round "7"]
[White "Marceil, Jean"]
[Black "Krueger, Norbert"]
[Result "0-1"]
[WhiteElo "1862"]
[BlackElo "2032"]
[PlyCount "105"]
[EventDate "2024.10.13"]
[EventType "swiss"]
[EventRounds "7"]
[EventCountry "GCI"]
[SourceTitle "CB43_2024"]
[Source "Chessbase"]
[SourceDate "2024.10.23"]
[SourceVersion "1"]
[SourceVersionDate "2024.10.23"]
[SourceQuality "1"]

1. d4 d5 2. Nc3 Bf5 3. f3 e6 4. e4 Bg6 5. exd5 exd5 6. Bf4 c6 7. Qe2+ Qe7 8. 0-0-0 Qxe2 9. Ngxe2 Nd7 10. Bc7 Nb6 11. Nf4 Kd7 12. Bxb6 axb6 13. h4 Bd6 14. Nxg6 hxg6 15. Kb1 Bg3 16. Ne2 Bd6 17. g3 Nf6 18. Bh3+ Kc7 19. c3 Rae8 20. Rde1 Re3 21. Kc2 Rhe8 22. Kd1 Rxf3 23. Rhf1 Rfe3 24. Kd2 R8e4 25. Bg2 Re7 26. Bf3 R3e6 27. Nf4 Rxe1 28. Rxe1 Rxe1 29. Kxe1 Ne4 30. Bxe4 dxe4 31. Ne2 Kd7 32. Kf2 Ke6 33. g4 f5 34. Ke3 b5 35. b3 Bc7 36. c4 bxc4 37. bxc4 Bd6 38. a4 Bb4 39. Nf4+ Kf7 40. h5 g5 41. Ng6 Kf6 42. Ne5 Bd6 43. Ng6 Ba3 44. gxf5 Kxf5 45. c5 Bc1+ 46. Kf2 e3+ 47. Ke2 Ke4 48. Ne7 g4 49. Nxc6 g3 50. Ne5 Kxd4 51. a5 Kxe5 52. c6 Kd6 53. cxb7 0-1

[Event "Guernsey op 48th"]
[Site "St James"]
[Date "2024.10.16"]
[Round "4"]
[White "Krueger, Norbert"]
[Black "Heppell, Ian"]
[Result "1/2-1/2"]
[WhiteElo "2032"]
[BlackElo "1930"]
[PlyCount "30"]
[EventDate "2024.10.13"]
[EventType "swiss"]
[EventRounds "7"]
[EventCountry "GCI"]
[SourceTitle "CB43_2024"]
[Source "Chessbase"]
[SourceDate "2024.10.23"]
[SourceVersion "1"]
[SourceVersionDate "2024.10.23"]
[SourceQuality "1"]

1. e4 e5 2. Bc4 Nf6 3. d3 Nc6 4. Nc3 Bb4 5. Nf3 d5 6. exd5 Nxd5 7. 0-0 Be6 8. Nxd5 Bxd5 9. Bb3 0-0 10. Be3 Be7 11. Re1 Re8 12. Qe2 Bf6 13. Nd2 a5 14. Bxd5 Qxd5 15. Ne4 Be7 1/2-1/2

[Event "Guernsey op 48th"]
[Site "St James"]
[Date "2024.10.14"]
[Round "2"]
[White "Krueger, Norbert"]
[Black "Arkell, Keith C"]
[Result "0-1"]
[WhiteElo "2032"]
[BlackElo "2373"]
[PlyCount "54"]
[EventDate "2024.10.13"]
[EventType "swiss"]
[EventRounds "7"]
[EventCountry "GCI"]
[SourceTitle "CB43_2024"]
[Source "Chessbase"]
[SourceDate "2024.10.23"]
[SourceVersion "1"]
[SourceVersionDate "2024.10.23"]
[SourceQuality "1"]

1. e4 c6 2. d4 d5 3. f3 e6 4. Nc3 Bb4 5. Bd2 Ne7 6. a3 Ba5 7. Bd3 dxe4 8. fxe4 Qxd4 9. Nf3 Qd8 10. 0-0 Nd7 11. Qe2 Ng6 12. Ng5 Nde5 13. Rad1 h6 14. Nxf7 Nxf7 15. Qh5 Nge5 16. Bf4 g6 17. Qh3 Qe7 18. Be2 Bd7 19. b4 Bc7 20. Be3 Bb6 21. Na4 Bxe3+ 22. Qxe3 b6 23. Nb2 0-0 24. Nd3 Nxd3 25. Qxd3 Ne5 26. Qh3 Rxf1+ 27. Rxf1 Kh7 0-1

[Event "Bad Woerishofen Seniors op 39th"]
[Site "Bad Woerishofen"]
[Date "2024.03.14"]
[Round "7"]
[White "Krueger, Norbert"]
[Black "Tscharotschkin, Michael"]
[Result "0-1"]
[WhiteElo "1993"]
[BlackElo "2062"]
[PlyCount "80"]
[EventDate "2024.03.08"]
[EventType "swiss"]
[EventRounds "9"]
[EventCountry "GER"]
[SourceTitle "CBM 219 Extra"]
[Source "ChessBase"]
[SourceDate "2024.05.31"]
[SourceVersion "1"]
[SourceVersionDate "2024.05.31"]
[SourceQuality "1"]

1. e4 c5 2. d4 cxd4 3. c3 Nf6 4. e5 Nd5 5. cxd4 d6 6. Nf3 Nc6 7. Bc4 Nb6 8. Bb5 Bd7 9. Nc3 dxe5 10. dxe5 a6 11. Be2 e6 12. Bf4 Bb4 13. Bd2 Bxc3 14. Bxc3 Nd5 15. Qd2 Nxc3 16. Qxc3 0-0 17. 0-0 Ne7 18. Nd4 Rc8 19. Qd2 Qc7 20. Qe3 Nd5 21. Qe4 f5 22. exf6 Nxf6 23. Qh4 e5 24. Nf3 e4 25. Nd4 Qb6 26. Rfd1 Qxb2 27. Rab1 Qxa2 28. Rxb7 Rb8 29. Rc7 Rfc8 30. Rcc1 Rxc1 31. Rxc1 Qb2 32. Bc4+ Kh8 33. Ne2 Bg4 34. Re1 Qb4 35. f3 exf3 36. gxf3 Qxc4 37. fxg4 Qxg4+ 38. Qxg4 Nxg4 39. Ra1 Ne3 40. h3 h6 0-1

[Event "Montevideo Duchamp Cup 6th"]
[Site "Montevideo"]
[Date "2023.02.11"]
[Round "9"]
[White "Krueger, Norbert"]
[Black "Kulik, Nicolas"]
[Result "1-0"]
[WhiteElo "1964"]
[BlackElo "1745"]
[PlyCount "97"]
[EventDate "2023.02.03"]
[EventType "swiss"]
[EventRounds "9"]
[EventCountry "URU"]
[SourceTitle "CBM 212 Extra"]
[Source "ChessBase"]
[SourceDate "2023.03.31"]
[SourceVersion "1"]
[SourceVersionDate "2023.03.31"]
[SourceQuality "1"]

1. e4 e6 2. d4 d5 3. Nd2 dxe4 4. Nxe4 Nd7 5. Nf3 Ngf6 6. Nxf6+ Nxf6 7. Bd3 c5 8. 0-0 cxd4 9. Nxd4 Bc5 10. Nf3 0-0 11. Bg5 Be7 12. Qe2 Nd5 13. Bxe7 Qxe7 14. Qe4 Nf6 15. Qh4 h6 16. Ne5 Nd5 17. Qxe7 Nxe7 18. Be4 f6 19. Ng6 Nxg6 20. Bxg6 Rd8 21. Rfd1 Bd7 22. Rd6 Kf8 23. Rad1 Ke7 24. Be4 Bc6 25. Rxd8 Rxd8 26. Rxd8 Kxd8 27. Bxc6 bxc6 28. f4 e5 29. fxe5 fxe5 30. Kf2 Kc7 31. Ke3 Kd6 32. Ke4 c5 33. b3 g6 34. a3 Ke6 35. c3 c4 36. b4 Kd6 37. a4 Ke6 38. g3 Kd6 39. b5 h5 40. h4 Ke6 41. a5 Kd6 42. b6 axb6 43. axb6 Kc6 44. Kxe5 Kxb6 45. Kd4 Kc6 46. Kxc4 Kd6 47. Kd4 Ke6 48. Ke4 Kd6 49. Kf4 1-0

[Event "Montevideo Duchamp Cup 6th"]
[Site "Montevideo"]
[Date "2023.02.05"]
[Round "3"]
[White "Krueger, Norbert"]
[Black "Garcia Palermo, Carlos H"]
[Result "0-1"]
[WhiteElo "1964"]
[BlackElo "2419"]
[PlyCount "84"]
[EventDate "2023.02.03"]
[EventType "swiss"]
[EventRounds "9"]
[EventCountry "URU"]
[SourceTitle "CBM 212 Extra"]
[Source "ChessBase"]
[SourceDate "2023.03.31"]
[SourceVersion "1"]
[SourceVersionDate "2023.03.31"]
[SourceQuality "1"]

1. e4 c5 2. c3 d5 3. exd5 Qxd5 4. d4 g6 5. Nf3 Bg7 6. Na3 cxd4 7. Bc4 Qd8 8. cxd4 Nf6 9. 0-0 0-0 10. Qe2 Bg4 11. Rd1 Nc6 12. Be3 Ne8 13. Nc2 Nd6 14. Bd5 Rc8 15. h3 Bf5 16. Rac1 e6 17. Bxc6 Rxc6 18. Nb4 Rxc1 19. Rxc1 Qb6 20. a3 a5 21. Na2 Be4 22. Ne5 Qb3 23. Nc3 Bc6 24. Nxc6 bxc6 25. Qc2 Qb7 26. Na4 Rc8 27. Nc5 Qe7 28. Qa4 Nf5 29. Qxa5 Nxe3 30. fxe3 e5 31. Qc3 Rd8 32. dxe5 Bxe5 33. Qc2 Qg5 34. Qf2 Bd4 35. exd4 Qxc1+ 36. Kh2 Qd1 37. a4 Qxd4 38. Qxd4 Rxd4 39. b3 Rd5 40. b4 Rd4 41. Na6 c5 42. Nxc5 Rxb4 0-1

[Event "Montevideo Duchamp Cup 6th"]
[Site "Montevideo"]
[Date "2023.02.03"]
[Round "1"]
[White "Lanzilotta, Filippo"]
[Black "Krueger, Norbert"]
[Result "0-1"]
[WhiteElo "1520"]
[BlackElo "1964"]
[PlyCount "40"]
[EventDate "2023.02.03"]
[EventType "swiss"]
[EventRounds "9"]
[EventCountry "URU"]
[SourceTitle "CBM 212 Extra"]
[Source "ChessBase"]
[SourceDate "2023.03.31"]
[SourceVersion "1"]
[SourceVersionDate "2023.03.31"]
[SourceQuality "1"]

1. e4 c5 2. Nc3 e6 3. g3 d5 4. Bg2 d4 5. Nb1 d3 6. Nc3 Nc6 7. f4 Nb4 8. cxd3 Qxd3 9. Nf3 Nc2+ 10. Kf2 Nxa1 11. Nd5 exd5 12. Qa4+ Bd7 13. Qxd7+ Kxd7 14. Ne5+ Kc7 15. Nxd3 Nf6 16. exd5 Bd6 17. b3 Nc2 18. Bb2 Nd4 19. Rc1 Ng4+ 20. Kg1 Ne2+ 0-1

[Event "GER Cup Net V2 U2000"]
[Site "Playchess.com INT"]
[Date "2020.05.22"]
[Round "7"]
[White "Krueger, Norbert"]
[Black "Lehmann, Ruben"]
[Result "1-0"]
[WhiteElo "1914"]
[BlackElo "1720"]
[PlyCount "55"]
[EventDate "2020.05.22"]
[EventType "swiss (blitz)"]
[EventRounds "9"]
[EventCountry "GER"]
[SourceTitle "EXT 2021"]
[Source "ChessBase"]
[SourceDate "2020.10.23"]
[SourceVersion "1"]
[SourceVersionDate "2020.10.23"]
[SourceQuality "1"]

1. e4 c6 2. d4 d5 3. exd5 cxd5 4. c4 Nf6 5. Nc3 Be6 6. Qb3 Nc6 7. Qxb7 Nxd4 8. Bd3 dxc4 9. Be4 g6 10. Qxa8 Qxa8 11. Bxa8 Nc2+ 12. Kd1 Nxa1 13. Bc6+ Kd8 14. Be3 Bf5 15. Bxa7 Nc2 16. Bb6+ Kc8 17. Nge2 Bg7 18. Nd4 Nxd4 19. Bxd4 Rd8 20. Nb5 e5 21. Kc1 exd4 22. Re1 Bh6+ 23. Kd1 Ng4 24. Re7 Nxf2+ 25. Ke2 Ng4 26. Rc7+ Kb8 27. Rb7+ Ka8 28. Nc7# 1-0

[Event "GER Cup Net V2 U2000"]
[Site "Playchess.com INT"]
[Date "2020.05.22"]
[Round "4"]
[White "Krueger, Norbert"]
[Black "Thielscher, Rene"]
[Result "1-0"]
[WhiteElo "1914"]
[BlackElo "1548"]
[PlyCount "131"]
[EventDate "2020.05.22"]
[EventType "swiss (blitz)"]
[EventRounds "9"]
[EventCountry "GER"]
[SourceTitle "EXT 2021"]
[Source "ChessBase"]
[SourceDate "2020.10.23"]
[SourceVersion "1"]
[SourceVersionDate "2020.10.23"]
[SourceQuality "1"]

1. e4 Nf6 2. e5 Nd5 3. c4 Nb6 4. c5 Nd5 5. d4 d6 6. cxd6 exd6 7. Nf3 Bg4 8. Be2 Be7 9. 0-0 0-0 10. h3 Bh5 11. Nc3 Nxc3 12. bxc3 dxe5 13. Nxe5 Bxe2 14. Qxe2 Bf6 15. Bf4 Re8 16. Qf3 c6 17. Rab1 Re7 18. Rfe1 Nd7 19. Nxd7 Qxd7 20. Kh2 Rxe1 21. Rxe1 h6 22. Be5 Bxe5+ 23. Rxe5 Re8 24. Qe4 Rxe5 25. Qxe5 Qd5 26. Qb8+ Kh7 27. Qxb7 a5 28. Qb3 Qd6+ 29. g3 Qf6 30. Qc2+ g6 31. Kg2 Qe6 32. c4 Qd6 33. Qd3 a4 34. d5 h5 35. Qf3 cxd5 36. Qxf7+ Kh6 37. Qxd5 Qb6 38. c5 Qb5 39. Qd2+ Kg7 40. Qc2 Qc6+ 41. Kh2 Kh6 42. Qd2+ Kg7 43. Qd4+ Kh6 44. Qe3+ Kg7 45. Qe7+ Kh6 46. Qd6 Qf3 47. Qd4 Qc6 48. g4 h4 49. Qf4+ Kg7 50. Qe5+ Kh6 51. g5+ Kh5 52. Qe2+ Kxg5 53. Qg4+ Kh6 54. Qxh4+ Kg7 55. Qe7+ Kh6 56. Qd6 Qf3 57. Qd2+ Kg7 58. Qc2 Qc6 59. a3 Kh7 60. Kg3 Kg7 61. Qc3+ Kh6 62. Qe3+ Kg7 63. Qe7+ Kh6 64. Qd6 Qe4 65. Qf4+ Qxf4+ 66. Kxf4 1-0

[Event "GER Cup Net V2 U2000"]
[Site "Playchess.com INT"]
[Date "2020.05.22"]
[Round "9"]
[White "Oelke, Bernd"]
[Black "Krueger, Norbert"]
[Result "0-1"]
[WhiteElo "1660"]
[BlackElo "1914"]
[PlyCount "82"]
[EventDate "2020.05.22"]
[EventType "swiss (blitz)"]
[EventRounds "9"]
[EventCountry "GER"]
[SourceTitle "EXT 2021"]
[Source "ChessBase"]
[SourceDate "2020.10.23"]
[SourceVersion "1"]
[SourceVersionDate "2020.10.23"]
[SourceQuality "1"]

1. d4 Nf6 2. c4 c5 3. d5 b5 4. e3 b4 5. b3 g6 6. Bb2 Bg7 7. Nd2 0-0 8. Qc2 d6 9. Bd3 Nbd7 10. Ngf3 Ng4 11. Bxg7 Kxg7 12. Qb2+ Kg8 13. 0-0 Nde5 14. Be2 Nxf3+ 15. Nxf3 Nf6 16. h3 Bd7 17. Bd3 a5 18. e4 a4 19. Rfe1 Qc7 20. Bc2 a3 21. Qb1 Ne8 22. Qc1 Kg7 23. h4 h5 24. Qe3 Bg4 25. Nd2 e5 26. f3 Bd7 27. g3 f5 28. Rf1 Kh7 29. Qg5 Ng7 30. Kg2 Qd8 31. Qe3 Qe7 32. Rh1 Rf7 33. Raf1 Raf8 34. Rf2 f4 35. gxf4 Rxf4 36. Kg3 Bc8 37. Rfh2 Qf7 38. Bd1 Qf6 39. Rf2 g5 40. hxg5 Qxg5+ 41. Kh2 Rh4# 0-1

[Event "Vellmar op 11th"]
[Site "Vellmar"]
[Date "2019.07.07"]
[Round "7"]
[White "Boder, Jan"]
[Black "Krueger, Norbert"]
[Result "1-0"]
[WhiteElo "2116"]
[BlackElo "1958"]
[PlyCount "119"]
[EventDate "2019.07.04"]
[EventType "swiss"]
[EventRounds "7"]
[EventCountry "GER"]
[SourceTitle "CBM 191 Extra"]
[Source "ChessBase"]
[SourceDate "2019.09.30"]
[SourceVersion "1"]
[SourceVersionDate "2019.09.30"]
[SourceQuality "1"]

1. b3 b6 2. Bb2 Bb7 3. e3 c5 4. f4 Nf6 5. Nf3 g6 6. Be2 Bg7 7. 0-0 0-0 8. d3 d5 9. Ne5 Nc6 10. Nd2 Nxe5 11. Bxe5 Nd7 12. Bxg7 Kxg7 13. f5 e6 14. fxe6 fxe6 15. Bg4 e5 16. Bxd7 Qxd7 17. Qe2 Qe7 18. a3 e4 19. dxe4 dxe4 20. Rxf8 Rxf8 21. Rd1 Rd8 22. Nb1 h6 23. Rxd8 Qxd8 24. Qd2 Qe7 25. c4 g5 26. Nc3 Bc6 27. Ne2 Kf6 28. h4 Kg6 29. b4 b5 30. Qc3 cxb4 31. axb4 bxc4 32. Qxc4 Bb7 33. hxg5 hxg5 34. Nd4 Qd7 35. Qg8+ Kf6 36. Qh8+ Kg6 37. Qe5 Qd5 38. Qe8+ Kf6 39. Qf8+ Kg6 40. Qe8+ Kf6 41. Qh5 Kg7 42. Qh2 Kg6 43. Qb8 a6 44. Qc7 Kh6 45. Qe7 Kg6 46. Qc7 Kh6 47. Kh2 Kg6 48. Qb6+ Kh7 49. Kg1 Bc8 50. Qf6 Kg8 51. Kh1 Kh7 52. Kh2 Kg8 53. Nc6 Qe6 54. Qxg5+ Kh7 55. Ne5 Bd7 56. Kg3 Bb5 57. Kf4 Bd3 58. Qf5+ Qxf5+ 59. Kxf5 Kg7 60. Nd7 1-0

[Event "Vellmar op 11th"]
[Site "Vellmar"]
[Date "2019.07.07"]
[Round "6"]
[White "Krueger, Norbert"]
[Black "Hourigan, Gerrit"]
[Result "1-0"]
[WhiteElo "1958"]
[BlackElo "2037"]
[PlyCount "80"]
[EventDate "2019.07.04"]
[EventType "swiss"]
[EventRounds "7"]
[EventCountry "GER"]
[SourceTitle "CBM 191 Extra"]
[Source "ChessBase"]
[SourceDate "2019.09.30"]
[SourceVersion "1"]
[SourceVersionDate "2019.09.30"]
[SourceQuality "1"]

1. e4 c5 2. c3 Nf6 3. e5 Nd5 4. d4 cxd4 5. cxd4 Nc6 6. Nc3 Nxc3 7. bxc3 d5 8. Bd3 e6 9. Nf3 Be7 10. 0-0 0-0 11. Re1 Bd7 12. h4 Rc8 13. Ng5 h6 14. Nh7 Re8 15. Bxh6 g6 16. Qf3 Bf8 17. Nxf8 Rxf8 18. Bxf8 Qxf8 19. h5 Qg7 20. hxg6 fxg6 21. Qg4 Ne7 22. Rac1 b5 23. a3 Qh6 24. Re3 Rf8 25. Rc2 Rf4 26. Rh3 Rxg4 27. Rxh6 Kg7 28. Rh3 Rf4 29. Rf3 Rh4 30. Rb2 Rh8 31. Bxb5 Rb8 32. Bxd7 Rxb2 33. Bxe6 Rb7 34. Rf7+ Kh6 35. Kh2 Rc7 36. f3 a6 37. g4 Rb7 38. f4 g5 39. f5 Ra7 40. f6 Ng8 1-0

[Event "Basingstoke 4NCL Spring Bank 2nd U2050"]
[Site "Basingstoke"]
[Date "2019.05.25"]
[Round "2"]
[White "Krueger, Norbert"]
[Black "Nwachukwu, Chino"]
[Result "1/2-1/2"]
[WhiteElo "1983"]
[BlackElo "1865"]
[PlyCount "107"]
[EventDate "2019.05.24"]
[EventType "swiss"]
[EventRounds "7"]
[EventCountry "ENG"]
[SourceTitle "EXT 2020"]
[Source "ChessBase"]
[SourceDate "2019.10.17"]
[SourceVersion "1"]
[SourceVersionDate "2019.10.17"]
[SourceQuality "1"]

1. e4 c5 2. c3 Nf6 3. e5 Nd5 4. d4 cxd4 5. cxd4 Nc6 6. Nc3 Nxc3 7. bxc3 d6 8. exd6 Qxd6 9. Nf3 g6 10. Be2 Bg7 11. 0-0 0-0 12. Be3 Bf5 13. Qd2 Rfd8 14. Rfd1 Rac8 15. Qb2 Na5 16. Rac1 b6 17. c4 Be6 18. Qb5 Bd7 19. Qb1 Bf5 20. Qb5 Qa3 21. c5 bxc5 22. Rxc5 Rxc5 23. Qxc5 Qxa2 24. Kf1 Qd5 25. Qxa7 Nc6 26. Qc5 Be4 27. Qb6 Qd6 28. h3 Bxf3 29. Bxf3 Nxd4 30. Qxd6 Rxd6 31. Bxd4 Bxd4 32. g3 e5 33. Be2 Rf6 34. f3 Rb6 35. f4 Rf6 36. Kg2 Be3 37. Bc4 exf4 38. gxf4 Rxf4 39. Bb3 h5 40. Rf1 Kg7 41. Rxf4 Bxf4 42. Kf3 Bd6 43. Ba4 f5 44. Bd7 Kf6 45. Be8 Bc7 46. Ke3 Kg5 47. Kf3 Bf4 48. h4+ Kxh4 49. Kxf4 g5+ 50. Kxf5 g4 51. Kf4 g3 52. Kf3 Kh3 53. Bc6 g2 54. Kf2 1/2-1/2

[Event "Basingstoke 4NCL Spring Bank 2nd U2050"]
[Site "Basingstoke"]
[Date "2019.05.24"]
[Round "1"]
[White "Jagadeesh, Balakrishnan"]
[Black "Krueger, Norbert"]
[Result "0-1"]
[WhiteElo "1712"]
[BlackElo "1983"]
[PlyCount "118"]
[EventDate "2019.05.24"]
[EventType "swiss"]
[EventRounds "7"]
[EventCountry "ENG"]
[SourceTitle "EXT 2020"]
[Source "ChessBase"]
[SourceDate "2019.10.17"]
[SourceVersion "1"]
[SourceVersionDate "2019.10.17"]
[SourceQuality "1"]

1. d4 e6 2. c4 f5 3. g3 Nf6 4. Bg2 Be7 5. Nh3 d6 6. 0-0 0-0 7. Nc3 Qe8 8. Qb3 c6 9. Re1 e5 10. c5+ Qf7 11. Qxf7+ Rxf7 12. cxd6 Bxd6 13. dxe5 Bxe5 14. e4 fxe4 15. Ng5 Rf8 16. Ncxe4 Na6 17. Nf3 Nxe4 18. Rxe4 Bd6 19. Be3 Bf5 20. Rc4 Be6 21. Rcc1 Bc7 22. a3 Bd5 23. Nd4 Bxg2 24. Kxg2 Bb6 25. Re1 Rae8 26. b4 Nc7 27. Nc2 Nd5 28. Bxb6 Nxb6 29. Ne3 Re4 30. Rad1 Rfe8 31. Nc2 Rxe1 32. Rxe1 Rxe1 33. Nxe1 Nc4 34. Nc2 Kf7 35. Kf3 Ke6 36. Ke4 Nd2+ 37. Kd3 Nf3 38. Nd4+ Nxd4 39. Kxd4 b6 40. f4 Kf5 41. h3 h5 42. a4 h4 43. gxh4 Kxf4 44. a5 g6 45. a6 Kf5 46. Ke3 Ke5 47. Kf3 Kd4 48. Kg4 c5 49. bxc5 bxc5 50. Kg5 c4 51. Kxg6 c3 52. h5 c2 53. h6 c1Q 54. h7 Qc8 55. Kg7 Qd7+ 56. Kg8 Qd8+ 57. Kg7 Qg5+ 58. Kh8 Qg6 59. h4 Qf7 0-1

[Event "Hastings Masters op 92nd"]
[Site "Hastings"]
[Date "2017.01.01"]
[Round "5"]
[White "Krueger, Norbert"]
[Black "Witt, Holger"]
[Result "1-0"]
[WhiteElo "2046"]
[BlackElo "1628"]
[PlyCount "63"]
[EventDate "2016.12.28"]
[EventType "swiss"]
[EventRounds "9"]
[EventCountry "ENG"]
[SourceTitle "CBM 176 Extra"]
[Source "ChessBase"]
[SourceDate "2017.03.02"]
[SourceVersion "1"]
[SourceVersionDate "2017.03.02"]
[SourceQuality "1"]

1. e4 e6 2. d4 d5 3. Nd2 dxe4 4. Nxe4 Bd7 5. Nf3 Bc6 6. Bd3 Bxe4 7. Bxe4 c6 8. c3 Nf6 9. Bc2 Bd6 10. 0-0 Qc7 11. Re1 Nbd7 12. Qe2 0-0 13. Bg5 Rfe8 14. Ne5 Rac8 15. Rac1 Be7 16. Qd3 g6 17. Qh3 Nxe5 18. Rxe5 Nd5 19. Bh6 Nf6 20. Qf3 Qd8 21. h4 Bf8 22. Bg5 Be7 23. Rce1 Rc7 24. g3 Rd7 25. Bb3 Nd5 26. Bxe7 Qxe7 27. h5 Kg7 28. Kg2 Red8 29. c4 Nc7 30. d5 cxd5 31. cxd5 Qf6 32. h6+ 1-0

[Event "Hastings Masters op 92nd"]
[Site "Hastings"]
[Date "2016.12.28"]
[Round "1"]
[White "Warnke, Klaus"]
[Black "Krueger, Norbert"]
[Result "1/2-1/2"]
[WhiteElo "1695"]
[BlackElo "2046"]
[PlyCount "73"]
[EventDate "2016.12.28"]
[EventType "swiss"]
[EventRounds "9"]
[EventCountry "ENG"]
[SourceTitle "CBM 176 Extra"]
[Source "ChessBase"]
[SourceDate "2017.03.02"]
[SourceVersion "1"]
[SourceVersionDate "2017.03.02"]
[SourceQuality "1"]

1. c4 e6 2. Nf3 d5 3. d4 Nf6 4. Nc3 Nbd7 5. cxd5 exd5 6. Bg5 h6 7. Bh4 Be7 8. e3 0-0 9. Bd3 c6 10. 0-0 Re8 11. Rc1 Ne4 12. Bxe7 Qxe7 13. Nd2 Ndf6 14. h3 Bf5 15. Nf3 g6 16. Ne5 Kg7 17. Ne2 a5 18. a3 Nh7 19. Ng3 f6 20. Nxf5+ gxf5 21. Nf3 Nhg5 22. Nh4 Kh7 23. Qh5 Qf7 24. Qxf7+ Nxf7 25. Nxf5 Kh8 26. Rfe1 Rf8 27. f3 Ng3 28. Kh2 Nxf5 29. Bxf5 Nd6 30. Bd3 f5 31. Rc2 h5 32. Rce2 Rf6 33. e4 dxe4 34. fxe4 fxe4 35. Bxe4 Nxe4 36. Rxe4 Raf8 37. R1e2 1/2-1/2

[Event "NRW Class2 1516"]
[Site "Germany"]
[Date "2016.02.14"]
[Round "6.8"]
[White "Krueger, Norbert"]
[Black "Stork, Joachim"]
[Result "1/2-1/2"]
[WhiteElo "2035"]
[BlackElo "1918"]
[PlyCount "57"]
[EventDate "2015.09.27"]
[EventType "team-tourn"]
[EventRounds "9"]
[EventCountry "GER"]
[SourceTitle "EXT 2017"]
[Source "ChessBase"]
[SourceDate "2016.10.25"]
[SourceVersion "1"]
[SourceVersionDate "2016.10.25"]
[SourceQuality "1"]
[WhiteTeam "Ratingen"]
[BlackTeam "Lieme"]
[WhiteTeamCountry "GER"]
[BlackTeamCountry "GER"]

1. e4 d5 2. exd5 Qxd5 3. d4 e5 4. Nf3 Bg4 5. Be2 Nc6 6. c4 Bb4+ 7. Bd2 Qa5 8. d5 Bxf3 9. Bxf3 Nd4 10. Nc3 Qa6 11. Be2 Nf6 12. 0-0 0-0 13. a3 Bxc3 14. Bxc3 Nxe2+ 15. Qxe2 Nxd5 16. Qxe5 Nxc3 17. Qxc3 Rad8 18. Rad1 Rfe8 19. Rfe1 Rxe1+ 20. Rxe1 Qd6 21. h3 h6 22. b4 Qd4 23. Re8+ Kh7 24. Qc2+ g6 25. Rxd8 Qxd8 26. Qe4 Qd1+ 27. Kh2 Qd6+ 28. g3 b6 29. Kg2 1/2-1/2

[Event "Maastricht Limburg op-A 7th"]
[Site "Maastricht"]
[Date "2013.05.20"]
[Round "6"]
[White "Gerlagh, Joris"]
[Black "Krueger, Norbert"]
[Result "1/2-1/2"]
[WhiteElo "1981"]
[BlackElo "2094"]
[PlyCount "72"]
[EventDate "2013.05.17"]
[EventType "swiss"]
[EventRounds "7"]
[EventCountry "NED"]
[SourceTitle "EXT 2014"]
[Source "ChessBase"]
[SourceDate "2013.11.20"]
[SourceVersion "1"]
[SourceVersionDate "2013.11.20"]
[SourceQuality "1"]

1. d4 d5 2. c4 e6 3. Nf3 c5 4. e3 Nc6 5. Nc3 Nf6 6. cxd5 exd5 7. Bb5 a6 8. Bxc6+ bxc6 9. Qa4 Bd7 10. Ne5 Bd6 11. Nxd7 Qxd7 12. 0-0 0-0 13. dxc5 Bxc5 14. b3 Rfe8 15. Ba3 Bb6 16. Rac1 a5 17. Ne2 Rac8 18. Ng3 Ne4 19. Bb2 Nxg3 20. hxg3 Re4 21. Bd4 Qb7 22. Qa3 Bxd4 23. exd4 Qb4 24. Qxb4 axb4 25. Rfd1 Re2 26. Rc5 Rxa2 27. Rdc1 Rb2 28. Rxd5 Rxb3 29. Rxc6 Rb1+ 30. Kh2 Re8 31. Rb5 b3 32. Rcb6 Rd1 33. d5 Kf8 34. d6 Rd8 35. Rxb3 R8xd6 36. Rb8+ Rd8 1/2-1/2

[Event "Maastricht Limburg op-A 7th"]
[Site "Maastricht"]
[Date "2013.05.18"]
[Round "3"]
[White "Stiefel, Roland"]
[Black "Krueger, Norbert"]
[Result "1/2-1/2"]
[WhiteElo "2061"]
[BlackElo "2094"]
[PlyCount "48"]
[EventDate "2013.05.17"]
[EventType "swiss"]
[EventRounds "7"]
[EventCountry "NED"]
[SourceTitle "EXT 2014"]
[Source "ChessBase"]
[SourceDate "2013.11.20"]
[SourceVersion "1"]
[SourceVersionDate "2013.11.20"]
[SourceQuality "1"]

1. d4 d5 2. Nf3 e6 3. Bf4 c5 4. e3 Nf6 5. c3 Bd6 6. Bg3 0-0 7. Bd3 b6 8. Ne5 Bb7 9. 0-0 Nc6 10. f4 Ne4 11. Nd2 f6 12. Nxc6 Bxc6 13. Bh4 Qe8 14. Nxe4 dxe4 15. Be2 cxd4 16. cxd4 f5 17. Rc1 Bd5 18. a3 Rc8 19. Qd2 Qa4 20. Rc3 Kf7 21. Rfc1 Qd7 22. Bb5 Qb7 23. Qe2 Rxc3 24. Rxc3 g6 1/2-1/2